01420cam a22002891 4500001001300000003000400013005001700017008004100034010001700075035001800092040007600110042001200186050002300198086001600221100002500237245012900262260016300391300004700554490005900601500001900660500013000679501013200809650002300941650005500964700004901019830006201068hew63000110 DLC20260227111512.0720706s1963 dcuab f000 0 eng c ahew63000110  a(OCoLC)349540 aU.S. Dept. of Health, Education, and Welfare. LibrarycODaUdOCoLCdDLC apremarc00aL111b.A72 no. 7090 aOE-51002-611 aBokelman, W. Robert.10aNew construction and rehabilitation on college campuses,b1959-60 and 1960-61,cby W. Robert Bokelman and Leslie F. Robbins. a[Washington]bU.S. Dept. of Health, Education, and Welfare, Office of Education;b[for sale by the Superintendent of Documents, U.S. Govt. Print. Off.,c1963] avii, 54 p.bmaps, diagrs., tables.c26 cm.1 aUnited States. Office of Education. Circular,vno. 709 a"OE-51002-61." a"Follows in chronological order 'Progress in the construction of higher education facilities, 1951-59' (OE Circular no. 665)" aWith : Science publication / Albert Piltz. Washington : Govt. Print. Off., 1963. Bound together subsequent to publication.5DLC 0aCollege buildings. 0aUniversities and collegeszUnited StatesxFinance.1 aRobbins, Leslie Frank,d1898-ejoint author. 0aCircular (United States. Office of Education) ;vno. 709.